Broadman comments on the international Bible lessons for christian teaching. (Record no. 7477)
[ view plain ]
| 000 -LEADER | |
|---|---|
| fixed length control field | 01205cas a2200361 a 4500 |
| 001 - CONTROL NUMBER | |
| control field | 11142128 |
| 003 - CONTROL NUMBER IDENTIFIER | |
| control field | GBCCL |
| 005 - DATE AND TIME OF LATEST TRANSACTION | |
| control field | 20241126110629.0 |
| 008 - FIXED-LENGTH DATA ELEMENTS--GENERAL INFORMATION | |
| fixed length control field | 830628d1945199utnuar 0 0eng |
| 010 ## - | |
| -- | 45000437 |
| -- | sn 87027713 |
| -- | sn 79002586 |
| 035 ## - SYSTEM CONTROL NUMBER | |
| System control number | (OCoLC)ocm09650804 |
| 040 ## - CATALOGING SOURCE | |
| Original cataloging agency | DLC |
| Language of cataloging | eng |
| Transcribing agency | TM |
| Modifying agency | TM |
| -- | N |
| -- | DLC |
| -- | OCoLC |
| 042 ## - | |
| -- | pcc |
| -- | premarc |
| 050 00 - | |
| -- | BV1520 |
| -- | .B725 |
| 082 00 - DEWEY DECIMAL CLASSIFICATION NUMBER | |
| Classification number | 268.61 |
| Item number | BRO |
| 245 00 - TITLE STATEMENT | |
| Title | Broadman comments on the international Bible lessons for christian teaching. |
| Name of part/section of a work | Uniform series. |
| 246 30 - | |
| -- | Uniform series |
| 260 ## - PUBLICATION, DISTRIBUTION, ETC. | |
| Place of publication, distribution, etc. | Nashville, Tenn. : |
| Name of publisher, distributor, etc. | Broadman Press, |
| Date of publication, distribution, etc. | [1944]- |
| 300 ## - PHYSICAL DESCRIPTION | |
| Extent | volumes ; |
| Dimensions | 19 cm |
| 310 ## - | |
| -- | Annual |
| 336 ## - CONTENT TYPE | |
| Content type term | text |
| Content type code | txt |
| Source | rdacontent |
| 337 ## - MEDIA TYPE | |
| Media type term | unmediated |
| Media type code | n |
| Source | rdamedia |
| 338 ## - CARRIER TYPE | |
| Carrier type term | volume |
| Carrier type code | nc |
| Source | rdacarrier |
| 362 1# - | |
| -- | Began with 1945. |
| 588 ## - SOURCE OF DESCRIPTION NOTE | |
| Source of description note | Description based on: 1959. |
| 590 ## - LOCAL NOTE (RLIN) | |
| Local note | SERBIB/SERLOC merged record |
| 630 00 - SUBJECT ADDED ENTRY--UNIFORM TITLE | |
| Uniform title | International Sunday school lessons |
| Form subdivision | Periodicals. |
| 9 (RLIN) | 474 |
| 630 00 - SUBJECT ADDED ENTRY--UNIFORM TITLE | |
| Uniform title | Bible |
| General subdivision | Study and teaching |
| Form subdivision | Periodicals. |
| 9 (RLIN) | 13219 |
| 785 00 - SUCCEEDING ENTRY | |
| Title | Broadman comments |
| Record control number | (DLC) 99111526 |
| -- | (OCoLC)31390284 |
| 906 ## - LOCAL DATA ELEMENT F, LDF (RLIN) | |
| a | 7 |
| b | cbc |
| c | serials |
| d | u |
| e | ncip |
| f | 19 |
| g | n-oclcserc |
| 942 ## - ADDED ENTRY ELEMENTS (KOHA) | |
| Source of classification or shelving scheme | Dewey Decimal Classification |
| Koha item type | Books |
| Withdrawn status | Lost status | Source of classification or shelving scheme | Damaged status | Not for loan | Home library | Current Library | Shelving location | Date acquired | Total checkouts | Full call number | Barcode | Date last seen | Copy number | Price effective from | Koha item type |
|---|---|---|---|---|---|---|---|---|---|---|---|---|---|---|---|
| Dewey Decimal Classification | GRACE BIBLE COLLEGE | GRACE BIBLE COLLEGE | Ministry & Mission | 2018-08-16 | 268.61 BRO | 002643 | 2025-05-01 | 1993-94 | 2018-08-16 | Books | |||||
| Dewey Decimal Classification | GRACE BIBLE COLLEGE | GRACE BIBLE COLLEGE | Ministry & Mission | 2018-08-20 | 268.61 BRO | 002747 | 2025-05-01 | 1958 | 2018-08-20 | Books |